| Tag |
First Indicator |
Second Indicator |
Subfields |
| LEADER |
00000cam a2200000 a 4500 |
| 001 |
in00000076192 |
| 005 |
20151008060454.0 |
| 008 |
810316s1980 at 00100 eng d |
| 020 |
|
|
|a 0589500821
|
| 035 |
|
|
|a (OCoLC)07229749
|
| 035 |
|
|
|9 AAJ5827AM
|
| 040 |
|
|
|a SMI
|c SMI
|d TXA
|d UtOrBLW
|
| 049 |
|
|
|a TXAM
|c [1633081]
|
| 090 |
|
|
|a QL636
|b .F88
|
| 245 |
0 |
0 |
|a Freshwater fishes of south-eastern Australia :
|b (New South Wales, Victoria and Tasmania) /
|c edited by R.M. McDowall.
|
| 264 |
|
1 |
|a Sydney :
|b Reed,
|c 1980.
|
| 300 |
|
|
|a 208 pages :
|b illustrations (some color) ;
|c 26 cm.
|
| 336 |
|
|
|a text
|b txt
|2 rdacontent
|
| 337 |
|
|
|a unmediated
|b n
|2 rdamedia
|
| 338 |
|
|
|a volume
|b nc
|2 rdacarrier
|
| 500 |
|
|
|a Includes index.
|
| 504 |
|
|
|a Bibliography: pages [195]-201.
|
| 650 |
|
0 |
|a Freshwater fishes
|z Australia
|x Identification.
|
| 700 |
1 |
|
|a McDowall, R. M.
|q (Robert Montgomery),
|d 1939-2011.
|
| 999 |
|
|
|a MARS
|
| 999 |
f |
f |
|s 712ff0a8-5324-3580-9017-047068e072f4
|i 9a6522b8-346e-3ea0-af52-9b09f52d1fff
|t 0
|
| 952 |
f |
f |
|p ric
|a Texas A&M University
|b Rellis Campus
|c Joint Library Facility
|d Remote Storage
|t 0
|e QL636 .F88
|h Library of Congress classification
|i unmediated -- volume
|m A14806221384
|
| 998 |
f |
f |
|a QL636 .F88
|t 0
|l Remote Storage
|